|
|
|
|
| LEADER |
00921nam a2200253 a 4500 |
| 001 |
472995 |
| 008 |
100505s1995 enka 001 0 eng d |
| 010 |
|
|
|a 83212608
|
| 020 |
|
|
|a 0435240595
|
| 040 |
|
|
|a DLC
|c DLC
|d DLC
|d BD-DhAAL
|
| 082 |
0 |
0 |
|a 420/.7
|2 19
|
| 100 |
1 |
|
|a Gower, Roger.
|
| 245 |
1 |
0 |
|a Teaching practice handbook /
|c Roger Gower, Diane Phillips and Steve Walters.
|
| 250 |
|
|
|a New Edition.
|
| 260 |
|
|
|a London ;
|a Exeter, NH :
|b Heinemann,
|c 1995.
|
| 300 |
|
|
|a 215 p. :
|b ill. ;
|c 24 cm.
|
| 500 |
|
|
|a Includes index.
|
| 541 |
1 |
|
|e 00013387
|
| 650 |
|
0 |
|a English language
|x Study and teaching
|x Foreign speakers.
|
| 700 |
1 |
|
|a Walters, Steve.
|
| 852 |
4 |
|
|a Ayesha Abed Library
|j General shelf
|
| 942 |
0 |
0 |
|0 1
|
| 999 |
|
|
|c 8417
|d 8417
|
| 952 |
|
|
|0 0
|1 0
|2 ddc
|4 0
|6 420_700000000000000_GOW
|7 0
|9 9832
|a BRACUL
|b BRACUL
|c GEN
|d 2010-05-06
|g 1805.00
|l 14
|m 83
|o 420.7 GOW
|p 3010013387
|q 2026-09-16
|r 2026-05-19
|s 2026-05-19
|t 1
|w 2010-05-06
|y BK
|